[Event "FBL W"]
[Site "Deutschland"]
[Date "2009.11.08"]
[Round "2.5"]
[White "Buechle, Regina"]
[Black "Steiner, Susanne"]
[Result "1/2-1/2"]
[WhiteElo "2000"]
[BlackElo "1765"]
[PlyCount "85"]
[EventDate "2009.11.07"]
[EventType "team"]
[EventCountry "GER"]
[WhiteTeam "Schachverein Wattenscheid 1930"]
[BlackTeam "SC Braunschweig Gliesmarode von"]

1. d4 d5 2. Nf3 Nf6 3. c4 c6 4. cxd5 cxd5 5. Nc3 Nc6 6. Bf4 e6 7. e3 a6 8. a3
Bd6 9. Bxd6 Qxd6 10. Bd3 O-O 11. O-O Bd7 12. Rc1 Rac8 13. Bb1 Ne7 14. Re1 Qb6
15. Qd2 Rc7 16. Ne2 Rfc8 17. Rxc7 Rxc7 18. Rc1 Ne4 19. Bxe4 dxe4 20. Ne1 Nd5
21. Nc3 f5 22. h3 Qd6 23. Nxd5 exd5 24. Rxc7 Qxc7 25. Qc2 Qd6 26. Qc5 Qxc5 27.
dxc5 Kf7 28. Nc2 Kf6 29. Nd4 Ke5 30. Kf1 f4 31. h4 h6 32. Ke2 g5 33. hxg5 hxg5
34. g3 fxg3 35. fxg3 Kf6 36. b4 Bg4+ 37. Ke1 Bd7 38. Kf2 Ba4 39. Ke1 Bd7 40.
Kf2 Ba4 41. Ke2 Bd7 42. Kd2 Kg6 43. Ke2 1/2-1/2

[Event "FBL W"]
[Site "Deutschland"]
[Date "2009.11.08"]
[Round "2.2"]
[White "Freitag, Julia"]
[Black "Rath, Alina"]
[Result "1/2-1/2"]
[WhiteElo "2202"]
[BlackElo "1939"]
[PlyCount "91"]
[EventDate "2009.11.07"]
[EventType "team"]
[EventCountry "GER"]
[WhiteTeam "Schachclub Steinfurt 1996"]
[BlackTeam "SK Doppelbauer Kiel"]

1. d4 d5 2. e3 e6 3. f4 c5 4. Nf3 Nc6 5. c3 Nf6 6. Bd3 Bd6 7. O-O Ne4 8. Bxe4
dxe4 9. Ne5 O-O 10. Nxc6 bxc6 11. Qa4 cxd4 12. Qxc6 Rb8 13. exd4 Bb7 14. Qc4
Qb6 15. Qb3 Qc6 16. Qc2 a5 17. Be3 Ba6 18. Re1 Rfc8 19. Qf2 Bd3 20. Rc1 a4 21.
Re1 f5 22. Bc1 Qc7 23. g3 Qc6 24. Nd2 Qb5 25. a3 Qd5 26. Nf1 Qb3 27. Qd2 g6 28.
Ne3 Kf7 29. Nd1 Qd5 30. Ne3 Qb3 31. Qd1 Ke7 32. Qxb3 Rxb3 33. Nd1 Kd7 34. Kf2
Be7 35. Ke3 Kd6 36. Nf2 Bc4 37. Kd2 Kd5 38. Nd1 Kd6 39. Ne3 Bd3 40. Nc2 Bxc2
41. Kxc2 Kd5 42. Re2 Rcb8 43. h3 Kc4 44. g4 Bd6 45. Kd1 Rf8 46. g5 1/2-1/2

[Event "FBL W"]
[Site "Deutschland"]
[Date "2009.11.08"]
[Round "2.3"]
[White "Hielscher, Ursula"]
[Black "Amirezashvili, Maia"]
[Result "1-0"]
[WhiteElo "1883"]
[BlackElo "1947"]
[PlyCount "73"]
[EventDate "2009.11.07"]
[EventType "team"]
[EventCountry "GER"]
[WhiteTeam "SK Doppelbauer Kiel"]
[BlackTeam "Schachclub Steinfurt 1996"]

1. d4 d5 2. c4 c6 3. e3 Nf6 4. Nc3 a6 5. a4 e6 6. Bd3 Bb4 7. Nge2 Ne4 8. Bxe4
dxe4 9. O-O f5 10. Nf4 O-O 11. Qb3 Bd6 12. Nce2 Bc7 13. Rd1 Kh8 14. Bd2 Rf6 15.
Bc3 Rh6 16. d5 exd5 17. cxd5 cxd5 18. Rxd5 Qh4 19. h3 Nc6 20. Rd2 Ne5 21. Bxe5
Bxe5 22. Qd5 Bc7 23. Qc5 Bd6 24. Rxd6 Qe7 25. Rad1 Be6 26. Qb6 Bb3 27. R1d2
Rxd6 28. Qxd6 Qxd6 29. Rxd6 Bxa4 30. Nd4 Rc8 31. Nxf5 g6 32. Ng3 Rc1+ 33. Kh2
Rc2 34. Ne6 h5 35. Nxe4 Rxb2 36. N4g5 Be8 37. Rd8 1-0

[Event "FBL W"]
[Site "Deutschland"]
[Date "2009.11.08"]
[Round "2.6"]
[White "Golubkova, Alexandra"]
[Black "Krumbke, Nadine"]
[Result "1/2-1/2"]
[WhiteElo "1831"]
[BlackElo "1829"]
[PlyCount "164"]
[EventDate "2009.11.07"]
[EventType "team"]
[EventCountry "GER"]
[WhiteTeam "Schachclub Steinfurt 1996"]
[BlackTeam "SK Doppelbauer Kiel"]

1. e4 c5 2. Nf3 Nf6 3. Nc3 d5 4. exd5 Nxd5 5. Nxd5 Qxd5 6. d4 cxd4 7. Qxd4 Qxd4
8. Nxd4 a6 9. Bc4 e5 10. Nf3 Bd6 11. Be3 Nc6 12. O-O-O Be7 13. Bb6 O-O 14. Rhe1
Bf6 15. Bc7 Bg4 16. Bd5 Rfc8 17. Bd6 Rd8 18. Be4 Rac8 19. Rd3 Nd4 20. Bxe5 Bxe5
21. Nxe5 Be6 22. Ra3 Nb5 23. Ra4 Nd6 24. Bd3 Bd5 25. g3 f6 26. Ng4 Bc6 27. Rd4
h5 28. Ne3 Ne4 29. Rxd8+ Rxd8 30. f4 Nc5 31. Bc4+ Kf8 32. Rd1 Re8 33. Nd5 b5
34. Nc7 bxc4 35. Nxe8 Bxe8 36. Rd5 Nb7 37. a3 Ke7 38. Kd2 Bf7 39. Rd4 Nd6 40.
a4 Kd7 41. Kc3 a5 42. b4 cxb3 43. cxb3 Kc6 44. b4 axb4+ 45. Kxb4 Nb7 46. a5 Nc5
47. Rd8 Na6+ 48. Ka4 Bc4 49. Rc8+ Kd5 50. Rd8+ Ke6 51. Rg8 Kf7 52. Rh8 Be2 53.
Rc8 Kg6 54. Kb3 Kf5 55. Re8 Bb5 56. Re7 g6 57. Kc3 h4 58. Rg7 hxg3 59. hxg3 g5
60. fxg5 fxg5 61. Kd4 Kg4 62. Ke3 Bc4 63. Rg6 Kxg3 64. Rxg5+ Kh4 65. Kf4 Kh3
66. Kf3 Kh2 67. Kf2 Kh3 68. Kf3 Kh2 69. Re5 Kg1 70. Rg5+ Kf1 71. Ke3 Ke1 72.
Rg1+ Bf1 73. Rh1 Nb4 74. Rxf1+ Kxf1 75. Kd2 Na6 76. Kc3 Nb8 77. Kc4 Na6 78. Kb5
Nb8 79. Kb6 Nd7+ 80. Kc6 Nb8+ 81. Kb7 Nd7 82. Kc7 Nc5 1/2-1/2

[Event "FBL W"]
[Site "Deutschland"]
[Date "2009.11.08"]
[Round "2.1"]
[White "Smirnova, Marina"]
[Black "Vovk, Oksana"]
[Result "0-1"]
[WhiteElo "2098"]
[BlackElo "2145"]
[PlyCount "44"]
[EventDate "2009.11.07"]
[EventType "team"]
[EventCountry "GER"]
[WhiteTeam "SK Kaltenkirchen"]
[BlackTeam "Schachverein Mülheim-Nord1931"]

1. e4 e6 2. d4 d5 3. exd5 exd5 4. Bd3 Bd6 5. c3 c6 6. Qc2 Nf6 7. Bg5 h6 8. Bh4
O-O 9. Ne2 Be6 10. Nd2 Re8 11. Nf1 c5 12. Ne3 Nc6 13. dxc5 Bxc5 14. Nd1 d4 15.
b4 dxc3 16. Bh7+ Kh8 17. bxc5 Bc4 18. Ne3 Bxe2 19. Qxe2 Kxh7 20. Qc2+ Kg8 21.
Rd1 Qe7 22. O-O g5 0-1

[Event "FBL W"]
[Site "Deutschland"]
[Date "2009.11.08"]
[Round "2.2"]
[White "Vogel, Heike"]
[Black "Freter, Anke"]
[Result "1-0"]
[WhiteElo "2095"]
[BlackElo "1951"]
[PlyCount "47"]
[EventDate "2009.11.07"]
[EventType "team"]
[EventCountry "GER"]
[WhiteTeam "Schachverein Mülheim-Nord1931"]
[BlackTeam "SK Kaltenkirchen"]

1. d4 Nf6 2. Bg5 e6 3. Nd2 h6 4. Bh4 g5 5. Bg3 d5 6. e3 Bg7 7. Bd3 b6 8. c3 Bb7
9. f3 Nbd7 10. Qe2 c5 11. e4 dxe4 12. fxe4 cxd4 13. cxd4 Qe7 14. Nc4 Qb4+ 15.
Kf1 Bf8 16. Bd6 Bxd6 17. a3 Qa4 18. Nxd6+ Kf8 19. Nxb7 Qxd4 20. Nf3 Qa4 21. Bb5
Qxe4 22. Qxe4 Nxe4 23. Bxd7 Ke7 24. Bc6 1-0

[Event "FBL W"]
[Site "Deutschland"]
[Date "2009.12.05"]
[Round "3.1"]
[White "Vogel, Heike"]
[Black "Kozlova, Olga"]
[Result "1-0"]
[WhiteElo "2095"]
[BlackElo "2248"]
[PlyCount "43"]
[EventDate "2009.11.07"]
[EventType "team"]
[EventCountry "GER"]
[WhiteTeam "Schachverein Mülheim-Nord1931"]
[BlackTeam "Delmenhorster SK V 1931"]

1. d4 Nf6 2. Nf3 e6 3. Bf4 b6 4. Nbd2 Bb7 5. e3 Be7 6. Bd3 Nh5 7. Be5 d6 8. g4
dxe5 9. gxh5 exd4 10. exd4 Nc6 11. c3 Qd6 12. Rg1 g6 13. Qe2 O-O-O 14. a4 Qf4
15. a5 Rd5 16. axb6 cxb6 17. b4 Rxh5 18. Ba6 Qc7 19. Bxb7+ Kxb7 20. b5 Na5 21.
Ne5 Bf6 22. Qf3+ 1-0

[Event "FBL W"]
[Site "Deutschland"]
[Date "2009.12.05"]
[Round "3.2"]
[White "Kickert, Germaine Helene"]
[Black "Lazo, Xenia"]
[Result "0-1"]
[WhiteElo "1972"]
[BlackElo "2124"]
[PlyCount "92"]
[EventDate "2009.11.07"]
[EventType "team"]
[EventCountry "GER"]
[WhiteTeam "Delmenhorster SK V 1931"]
[BlackTeam "Schachverein Mülheim-Nord1931"]

1. e4 d5 2. exd5 Qxd5 3. Nc3 Qd6 4. Nf3 Nf6 5. g3 c6 6. d4 Bg4 7. Bg2 e6 8. Bf4
Qb4 9. Rb1 Nbd7 10. O-O Be7 11. Qd2 O-O 12. Rfe1 Rac8 13. Ne5 Bf5 14. a3 Qb6
15. Nc4 Qd8 16. a4 Nb6 17. Ne3 Bg6 18. a5 Nbd5 19. Ncxd5 cxd5 20. Ra1 Qd7 21.
b3 Qb5 22. Bf1 Qb4 23. Qd1 Ne4 24. Ra4 Qc3 25. Bd3 Bb4 26. Kf1 Qxe1+ 27. Qxe1
Bxe1 28. Kxe1 Nc3 29. Rb4 Bxd3 30. cxd3 b6 31. axb6 axb6 32. Rxb6 Ra8 33. Nc2
Rfc8 34. Bd6 Na4 35. bxa4 Rxc2 36. a5 Ra2 37. Bb4 h6 38. Rc6 Rb8 39. Rb6 Rc8
40. Kd1 Kh7 41. Bd2 Rcc2 42. Be1 Rc7 43. Bd2 Ra1+ 44. Ke2 Rc2 45. Ke3 Raa2 46.
Bb4 Rxf2 0-1

[Event "FBL W"]
[Site "Deutschland"]
[Date "2009.12.05"]
[Round "3.3"]
[White "Roitburd, Marina"]
[Black "Janiesch, Maike"]
[Result "1-0"]
[WhiteElo "2036"]
[BlackElo "1708"]
[PlyCount "33"]
[EventDate "2009.11.07"]
[EventType "team"]
[EventCountry "GER"]
[WhiteTeam "Schachverein Mülheim-Nord1931"]
[BlackTeam "Delmenhorster SK V 1931"]

1. e4 d5 2. exd5 Qxd5 3. d4 Nf6 4. Nf3 a6 5. c4 Qd6 6. Nc3 Bg4 7. Be2 e6 8. c5
Qd7 9. Qb3 Bxf3 10. Bxf3 c6 11. O-O Be7 12. Na4 Ra7 13. Bf4 O-O 14. Be5 Nd5 15.
Bxd5 cxd5 16. Qg3 f6 17. Bxb8 1-0

[Event "FBL W"]
[Site "Deutschland"]
[Date "2009.12.05"]
[Round "3.4"]
[White "Kohls, Vera"]
[Black "Hund, Isabel"]
[Result "1/2-1/2"]
[WhiteElo "1895"]
[BlackElo "2072"]
[PlyCount "55"]
[EventDate "2009.11.07"]
[EventType "team"]
[EventCountry "GER"]
[WhiteTeam "Delmenhorster SK V 1931"]
[BlackTeam "Schachverein Mülheim-Nord1931"]

1. Nf3 Nf6 2. b3 g6 3. Bb2 Bg7 4. e3 O-O 5. Be2 c5 6. O-O Nc6 7. Ne5 Nxe5 8.
Bxe5 d6 9. Bb2 Rb8 10. d3 b5 11. Nd2 Be6 12. Re1 Nd5 13. Bxg7 Kxg7 14. Qc1 Kg8
15. Bf3 Nb6 16. c4 bxc4 17. dxc4 a5 18. Qc3 a4 19. Rab1 axb3 20. axb3 Nd7 21.
Bc6 Ne5 22. Ba4 Qc7 23. f4 Nc6 24. Bxc6 Qxc6 25. Ra1 Ra8 26. e4 Rxa1 27. Rxa1
Ra8 28. Ra5 1/2-1/2

[Event "FBL W"]
[Site "Deutschland"]
[Date "2009.12.05"]
[Round "3.1"]
[White "Smirnova, Marina"]
[Black "Ivannikova, Svetlana"]
[Result "1-0"]
[WhiteElo "2098"]
[BlackElo "2159"]
[PlyCount "97"]
[EventDate "2009.11.07"]
[EventType "team"]
[EventCountry "GER"]
[WhiteTeam "SK Kaltenkirchen"]
[BlackTeam "Dortmunder Schachverein 1875"]

1. e4 d5 2. exd5 Nf6 3. d4 Nxd5 4. c4 Nf6 5. Nf3 Bg4 6. Be2 e6 7. Qb3 Qc8 8.
O-O c6 9. Bf4 Be7 10. Nc3 O-O 11. Rad1 Nbd7 12. Rfe1 Re8 13. Rd2 b6 14. a3 Qb7
15. Qd1 Rad8 16. b4 a6 17. h3 Bh5 18. Qb3 b5 19. c5 Nf8 20. Bg3 Nd5 21. Ne4 Bg6
22. Nd6 Bxd6 23. Bxd6 Nd7 24. Nh4 N7f6 25. Nxg6 hxg6 26. Bf3 Rd7 27. Be5 Red8
28. g4 Ra8 29. g5 Ne8 30. Bg3 a5 31. bxa5 Rxa5 32. Rd3 Ra4 33. Bd1 Ra8 34. h4
Ne7 35. Bf3 Nf5 36. Rxe6 fxe6 37. Qxe6+ Rf7 38. Bxc6 Qc8 39. Qe4 Nxg3 40. Rxg3
Rb8 41. Bd5 Kf8 42. Bxf7 Kxf7 43. Qd5+ Kf8 44. Rf3+ Nf6 45. gxf6 Qg4+ 46. Rg3
Qd1+ 47. Kg2 Re8 48. Qd6+ Kg8 49. Qd7 1-0

[Event "FBL W"]
[Site "Deutschland"]
[Date "2009.12.05"]
[Round "3.2"]
[White "Mass, Elvira"]
[Black "Freter, Anke"]
[Result "1-0"]
[WhiteElo "1981"]
[BlackElo "1951"]
[PlyCount "83"]
[EventDate "2009.11.07"]
[EventType "team"]
[EventCountry "GER"]
[WhiteTeam "Dortmunder Schachverein 1875"]
[BlackTeam "SK Kaltenkirchen"]

1. Nf3 c5 2. g3 Nc6 3. Bg2 g6 4. O-O Bg7 5. d3 d5 6. Nbd2 e6 7. e4 Nge7 8. Re1
O-O 9. h4 h5 10. c3 Rb8 11. Qe2 b5 12. a3 a5 13. Nf1 b4 14. axb4 axb4 15. c4
dxc4 16. dxc4 Qb6 17. Bg5 f6 18. Bf4 e5 19. Bd2 Bg4 20. Ne3 Nd4 21. Qd1 Rbd8
22. Nxg4 hxg4 23. Nxd4 Rxd4 24. Qc2 Rfd8 25. Be3 R4d7 26. Red1 Nc6 27. Rd5 Nd4
28. Qa4 Rxd5 29. exd5 f5 30. Bg5 Rf8 31. Qa6 Qxa6 32. Rxa6 Kh7 33. Be7 Rf7 34.
Bxc5 e4 35. Rb6 Rc7 36. Bxd4 Bxd4 37. Rxb4 Ra7 38. Bf1 Kg7 39. Rb5 Ra2 40. d6
Kf6 41. d7 Ra8 42. Rd5 1-0

[Event "FBL W"]
[Site "Deutschland"]
[Date "2009.12.05"]
[Round "3.1"]
[White "Freitag, Julia"]
[Black "Bluebaum, Johanna"]
[Result "1-0"]
[WhiteElo "2202"]
[BlackElo "1963"]
[PlyCount "85"]
[EventDate "2009.11.07"]
[EventType "team"]
[EventCountry "GER"]
[WhiteTeam "Schachclub Steinfurt 1996"]
[BlackTeam "SC Braunschweig Gliesmarode von"]

1. d4 Nf6 2. e3 d5 3. f4 Bf5 4. Bd3 Bxd3 5. Qxd3 Nbd7 6. Nd2 e6 7. Ngf3 c5 8.
c3 Be7 9. O-O O-O 10. Ne5 Rc8 11. Rf3 Qb6 12. Rh3 Rfd8 13. Nxd7 Rxd7 14. g4 g6
15. g5 Nh5 16. Nf3 cxd4 17. exd4 Rdc7 18. Ne5 Bd6 19. Ng4 f5 20. Ne5 Bxe5 21.
fxe5 Rf7 22. Rf3 f4 23. Qf1 Rcf8 24. b3 Rf5 25. Ba3 Rxg5+ 26. Kh1 Rf7 27. Bc5
Qd8 28. Bxa7 Rg4 29. Bc5 Qg5 30. c4 Qh6 31. Qh3 Qg5 32. cxd5 Rh4 33. Qg2 Ng3+
34. Kg1 Ne2+ 35. Kf2 Rg4 36. Qh3 Nc3 37. dxe6 Ne4+ 38. Ke2 Rg2+ 39. Kd1 Rd2+
40. Kc1 Rc7 41. e7 Qg1+ 42. Qf1 Rxc5+ 43. dxc5 1-0

[Event "FBL W"]
[Site "Deutschland"]
[Date "2009.12.05"]
[Round "3.2"]
[White "Opaska, Ines"]
[Black "Amirezashvili, Maia"]
[Result "1-0"]
[WhiteElo "1838"]
[BlackElo "1947"]
[PlyCount "69"]
[EventDate "2009.11.07"]
[EventType "team"]
[EventCountry "GER"]
[WhiteTeam "SC Braunschweig Gliesmarode von"]
[BlackTeam "Schachclub Steinfurt 1996"]

1. f4 d5 2. g3 e6 3. Nf3 Nf6 4. Bg2 Bc5 5. d4 Bb6 6. O-O c5 7. c3 O-O 8. Ne5
Ne4 9. e3 f6 10. Nd3 Nd7 11. Nd2 c4 12. Bxe4 dxe4 13. Nb4 a5 14. Nc2 Bc7 15.
Nxc4 b5 16. Nd2 Qe8 17. b3 Qg6 18. a4 Rb8 19. axb5 Rxb5 20. Na3 Rh5 21. Qc2 Ba6
22. c4 Rb8 23. Nb5 Rh3 24. Nxe4 Bb7 25. Nxf6+ Qxf6 26. Nxc7 Nc5 27. dxc5 Qxa1
28. Bb2 Qa2 29. Qc3 e5 30. Qxe5 Qxb2 31. Qxb2 Rd8 32. Qe5 Rxh2 33. Kxh2 Rd2+
34. Kh3 Bc8+ 35. g4 1-0

[Event "FBL W"]
[Site "Deutschland"]
[Date "2009.12.05"]
[Round "3.1"]
[White "Kopylova, Ljubov"]
[Black "Wirths, Clara"]
[Result "1-0"]
[WhiteElo "2196"]
[BlackElo "2072"]
[PlyCount "41"]
[EventDate "2009.11.07"]
[EventType "team"]
[EventCountry "GER"]
[WhiteTeam "SK Doppelbauer Kiel"]
[BlackTeam "Schachverein Wattenscheid 1930"]

1. d4 Nf6 2. c4 d6 3. Nc3 Nc6 4. e4 e5 5. Nge2 g6 6. Bg5 Bg7 7. d5 Ne7 8. f3
O-O 9. Qd2 c6 10. g4 a6 11. Ng3 b5 12. h4 bxc4 13. Bxc4 Rb8 14. h5 cxd5 15.
Bxf6 Bxf6 16. hxg6 fxg6 17. Qh6 Rf7 18. Nxd5 Qa5+ 19. b4 Rxb4 20. Nxf6+ Kh8 21.
Qxh7+ 1-0

[Event "FBL W"]
[Site "Deutschland"]
[Date "2009.12.05"]
[Round "3.2"]
[White "Goihl, Mona"]
[Black "Wohlers Armas, Friederike"]
[Result "1-0"]
[WhiteElo "2101"]
[BlackElo "2029"]
[PlyCount "99"]
[EventDate "2009.11.07"]
[EventType "team"]
[EventCountry "GER"]
[WhiteTeam "Schachverein Wattenscheid 1930"]
[BlackTeam "SK Doppelbauer Kiel"]

1. e4 d6 2. d4 Nd7 3. Bc4 g6 4. Ne2 e6 5. O-O Ne7 6. Nbc3 Bg7 7. Bg5 h6 8. Be3
O-O 9. Qd2 Kh7 10. a4 Nf6 11. f3 d5 12. Bb3 dxe4 13. fxe4 Ng4 14. Bf4 e5 15.
dxe5 Qxd2 16. Bxd2 Nxe5 17. Nb5 Bg4 18. Rae1 c5 19. Bc3 N7c6 20. Nd6 f6 21.
Nxb7 c4 22. Ba2 Rab8 23. Nd6 Nb4 24. Bb1 Be6 25. Nd4 Bg8 26. N4b5 Nbc6 27. Na3
Rfd8 28. Rd1 Rd7 29. Rd2 Re7 30. Ba2 Rd7 31. Rfd1 Bf8 32. Naxc4 Rxd6 33. Rxd6
Bxd6 34. Rxd6 Bxc4 35. Bxc4 Nxc4 36. Rxc6 Nxb2 37. Rc7+ Kg8 38. Rxa7 Nd1 39.
Bxf6 Rb1 40. e5 g5 41. Kf1 Ne3+ 42. Kf2 Ng4+ 43. Ke2 Rg1 44. Kf3 Nxf6 45. exf6
Rf1+ 46. Ke4 Rxf6 47. c4 Rf2 48. c5 Kf8 49. c6 Ke8 50. Ra8+ 1-0

[Event "FBL W"]
[Site "Deutschland"]
[Date "2009.12.05"]
[Round "3.3"]
[White "Rath, Alina"]
[Black "Henrichs, Wenke"]
[Result "1/2-1/2"]
[WhiteElo "1939"]
[BlackElo "2034"]
[PlyCount "126"]
[EventDate "2009.11.07"]
[EventType "team"]
[EventCountry "GER"]
[WhiteTeam "SK Doppelbauer Kiel"]
[BlackTeam "Schachverein Wattenscheid 1930"]

1. c4 e5 2. Nc3 Nc6 3. g3 Bc5 4. Bg2 d6 5. e3 Nge7 6. Nge2 a6 7. O-O O-O 8. a3
Bf5 9. d4 Ba7 10. h3 Qd7 11. Kh2 Rae8 12. b4 f6 13. d5 Nd8 14. e4 Bg6 15. f4 f5
16. Qd3 Nf7 17. Bd2 Kh8 18. Rae1 Ng8 19. exf5 Bxf5 20. Ne4 exf4 21. Bxf4 Ne5
22. Bxe5 Rxe5 23. Nd4 Bxd4 24. Qxd4 Rfe8 25. Re2 Bxe4 26. Rxe4 Nf6 27. Rxe5
Rxe5 28. Qd3 Qe8 29. Qd4 h6 30. c5 Qb5 31. Rf2 a5 32. Rc2 Qa4 33. Rc3 axb4 34.
axb4 Qa2 35. Qc4 Qxc4 36. Rxc4 Nxd5 37. cxd6 cxd6 38. Rd4 Ne3 39. Rxd6 Nxg2 40.
Kxg2 Kg8 41. Kf3 Kf8 42. Kf4 Rb5 43. Rd4 Ke7 44. Ke3 Ke6 45. Rg4 g5 46. Kd3 Rf5
47. Ke3 Re5+ 48. Kf3 Kd5 49. h4 b5 50. hxg5 hxg5 51. Kf2 Ke6 52. Rd4 Rf5+ 53.
Ke3 Rf1 54. Re4+ Kd5 55. Rd4+ Ke5 56. Re4+ Kf5 57. g4+ Kf6 58. Kd4 Rc1 59. Kd5
Rc2 60. Re6+ Kf7 61. Re4 Kf6 62. Re6+ Kf7 63. Re4 Kf6 1/2-1/2

[Event "FBL W"]
[Site "Deutschland"]
[Date "2009.12.05"]
[Round "3.4"]
[White "Huppertz, Andrea"]
[Black "Schlueter, Sabrina"]
[Result "1/2-1/2"]
[WhiteElo "1865"]
[BlackElo "1784"]
[PlyCount "88"]
[EventDate "2009.11.07"]
[EventType "team"]
[EventCountry "GER"]
[WhiteTeam "Schachverein Wattenscheid 1930"]
[BlackTeam "SK Doppelbauer Kiel"]

1. d4 d5 2. Bf4 Nf6 3. e3 c6 4. Nd2 Bf5 5. c4 e6 6. Qb3 Qb6 7. c5 Qxb3 8. axb3
Nbd7 9. Ngf3 Be7 10. b4 Nh5 11. Be5 Nxe5 12. Nxe5 f6 13. g4 fxe5 14. gxf5 exd4
15. fxe6 dxe3 16. fxe3 Bh4+ 17. Kd1 Ke7 18. Be2 Nf6 19. Rg1 g6 20. Rg2 Ne8 21.
Nf3 Bf6 22. Nd4 Nc7 23. Bg4 Rhf8 24. Kc2 a6 25. Re2 Bh4 26. Nf3 Bf6 27. Nd2 Nb5
28. Nb3 h5 29. Bh3 g5 30. e4 dxe4 31. Rxe4 Nc7 32. Bf1 Nd5 33. Na5 Bg7 34. Bc4
Rf2+ 35. Re2 Rxe2+ 36. Bxe2 Nxb4+ 37. Kb3 Nd5 38. Rg1 g4 39. h3 Bd4 40. Rf1 Nf6
41. Kc4 Bxb2 42. Rb1 Be5 43. Rxb7+ Kxe6 44. Nxc6 g3 1/2-1/2

[Event "FBL W"]
[Site "Deutschland"]
[Date "2009.12.05"]
[Round "3.5"]
[White "Hielscher, Ursula"]
[Black "Buechle, Regina"]
[Result "1-0"]
[WhiteElo "1883"]
[BlackElo "2000"]
[PlyCount "51"]
[EventDate "2009.11.07"]
[EventType "team"]
[EventCountry "GER"]
[WhiteTeam "SK Doppelbauer Kiel"]
[BlackTeam "Schachverein Wattenscheid 1930"]

1. d4 d5 2. Nf3 c6 3. c4 Nf6 4. e3 e6 5. Nc3 Nbd7 6. Bd3 dxc4 7. Bxc4 b5 8. Bd3
a6 9. O-O Bb7 10. Re1 c5 11. a4 c4 12. Bc2 b4 13. Ne2 a5 14. Ng3 h5 15. h3 g6
16. e4 Bg7 17. Bg5 Qb6 18. e5 Nd5 19. Ne4 O-O 20. Nd6 c3 21. b3 Rfb8 22. Nh4
Bf8 23. Nxg6 fxg6 24. Bxg6 Bxd6 25. Qxh5 Nf8 26. Bf7+ 1-0

[Event "FBL W"]
[Site "Deutschland"]
[Date "2009.12.05"]
[Round "3.6"]
[White "Kraus, Tanja"]
[Black "Willrodt, Sonja"]
[Result "0-1"]
[WhiteElo "1954"]
[BlackElo "1876"]
[PlyCount "110"]
[EventDate "2009.11.07"]
[EventType "team"]
[EventCountry "GER"]
[WhiteTeam "Schachverein Wattenscheid 1930"]
[BlackTeam "SK Doppelbauer Kiel"]

1. e4 e6 2. d3 d5 3. Nd2 Nd7 4. g3 Ngf6 5. Bg2 dxe4 6. dxe4 Bc5 7. Ngf3 e5 8.
O-O O-O 9. c3 c6 10. Qc2 Qc7 11. Nc4 b5 12. Ne3 Re8 13. b4 Bf8 14. Bd2 Bb7 15.
c4 bxc4 16. Nxc4 c5 17. Nh4 cxb4 18. Rfc1 Nb6 19. f3 Qxc4 20. Qxc4 Nxc4 21.
Rxc4 Ba6 22. Rc7 Rec8 23. Rac1 Ne8 24. R7c6 Rxc6 25. Rxc6 Bb7 26. Rc4 Rc8 27.
Rxc8 Bxc8 28. Be3 a5 29. Bc1 Be6 30. a3 bxa3 31. f4 exf4 32. gxf4 a2 33. Bb2
Ba3 34. Ba1 Bc1 35. f5 Bb3 36. Nf3 Nd6 37. Nd4 a4 38. Ne2 Be3+ 39. Kf1 Nc4 40.
Nc3 Bc1 41. Ke2 Bb2 42. Bxb2 Nxb2 43. Nxa2 Bxa2 44. Kd2 Nc4+ 45. Kc1 f6 46. Bf1
Kf8 47. Bd3 Ke7 48. Kc2 Kd6 49. Kc3 Kc5 50. Bc2 Bb3 51. Bd3 Nd6 52. Bb1 Nb5+
53. Kb2 Kb4 54. Bd3 a3+ 55. Ka1 Nd4 0-1

[Event "FBL W"]
[Site "Deutschland"]
[Date "2009.12.06"]
[Round "4.1"]
[White "Kozlova, Olga"]
[Black "Freitag, Julia"]
[Result "1-0"]
[WhiteElo "2248"]
[BlackElo "2202"]
[PlyCount "137"]
[EventDate "2009.11.07"]
[EventType "team"]
[EventCountry "GER"]
[WhiteTeam "Delmenhorster SK V 1931"]
[BlackTeam "Schachclub Steinfurt 1996"]

1. Nf3 d5 2. c4 e6 3. b3 f5 4. Bb2 Nf6 5. g3 c6 6. Bg2 Nbd7 7. d4 Bd6 8. Nbd2
Ne4 9. O-O Qf6 10. a3 g5 11. Ne1 g4 12. Nxe4 dxe4 13. f3 exf3 14. exf3 gxf3 15.
Nxf3 O-O 16. Qe2 Qg6 17. Rae1 Nf6 18. Ne5 Bxe5 19. Qxe5 Ng4 20. Qf4 Bd7 21. h3
Nf6 22. Qe5 h5 23. Rf2 Kh7 24. Bc1 Rae8 25. Bf4 Rf7 26. Rfe2 Rg7 27. Qd6 Bc8
28. Be5 Reg8 29. d5 h4 30. dxe6 hxg3 31. e7 Ne8 32. Qd8 Rf7 33. Qxc8 Rxe7 34.
Bf4 Ng7 35. Qxg8+ Kxg8 36. Rxe7 Qf6 37. R7e3 Qd4 38. Bxg3 f4 39. Bxf4 Qxf4 40.
Kh1 Nf5 41. Rd3 Qf2 42. Rg1 Ne3 43. Bxc6+ Kf7 44. Bxb7 Ke6 45. c5 Nf1 46. Bg2
Ne3 47. b4 Nxg2 48. Rd6+ Ke5 49. Rxg2 Qf1+ 50. Kh2 Qf4+ 51. Kg1 Qc1+ 52. Kf2
Qf4+ 53. Ke1 Qc1+ 54. Rd1 Qc3+ 55. Rdd2 Qc1+ 56. Ke2 Qc4+ 57. Kd1 Qb3+ 58. Rc2
Qxa3 59. c6 Qxb4 60. c7 Qd4+ 61. Kc1 Qa1+ 62. Kd2 Qd4+ 63. Ke2 Qe4+ 64. Kf1 Qd4
65. Rce2+ Kf6 66. Rgf2+ Kg5 67. c8=Q Qd1+ 68. Kg2 Qd5+ 69. Rf3 1-0

[Event "FBL W"]
[Site "Deutschland"]
[Date "2009.12.06"]
[Round "4.2"]
[White "Amirezashvili, Maia"]
[Black "Kickert, Germaine Helene"]
[Result "0-1"]
[WhiteElo "1947"]
[BlackElo "1972"]
[PlyCount "70"]
[EventDate "2009.11.07"]
[EventType "team"]
[EventCountry "GER"]
[WhiteTeam "Schachclub Steinfurt 1996"]
[BlackTeam "Delmenhorster SK V 1931"]

1. e4 c5 2. Nf3 Nc6 3. d4 cxd4 4. Nxd4 Nf6 5. Nc3 e6 6. Be2 Bb4 7. Nxc6 bxc6 8.
Bf3 Bxc3+ 9. bxc3 Ba6 10. Be2 Bxe2 11. Qxe2 Qa5 12. Qd3 Nxe4 13. O-O d5 14. Bf4
Qb5 15. c4 Qxc4 16. Qxc4 dxc4 17. Rfe1 Nf6 18. Rab1 Nd5 19. Bd6 Kd7 20. Be5 f6
21. Bd4 Rhb8 22. a4 e5 23. Bc5 Nc3 24. Rxb8 Rxb8 25. Bxa7 Rb2 26. a5 Rxc2 27.
Kf1 Kc8 28. Bc5 Kb7 29. Bb4 Nd5 30. Bc5 Ka6 31. Ra1 c3 32. Ke1 Nf4 33. Kd1 Rd2+
34. Kc1 Nd3+ 35. Kb1 Rb2# 0-1

[Event "FBL W"]
[Site "Deutschland"]
[Date "2009.12.06"]
[Round "4.1"]
[White "Ivannikova, Svetlana"]
[Black "Kopylova, Ljubov"]
[Result "1-0"]
[WhiteElo "2159"]
[BlackElo "2196"]
[PlyCount "81"]
[EventDate "2009.11.07"]
[EventType "team"]
[EventCountry "GER"]
[WhiteTeam "Dortmunder Schachverein 1875"]
[BlackTeam "SK Doppelbauer Kiel"]

1. d4 Nf6 2. Bf4 g6 3. Nf3 Bg7 4. e3 d5 5. Be2 O-O 6. Ne5 c5 7. c3 cxd4 8. exd4
Nbd7 9. Nd2 Ne8 10. Nxd7 Bxd7 11. O-O Nc7 12. Nf3 Bg4 13. Qd2 Ne6 14. Bh6 Qd6
15. Bxg7 Kxg7 16. Ne5 Bxe2 17. Qxe2 Nc7 18. f4 Ne8 19. Rf3 Nf6 20. Rh3 Ne4 21.
Qg4 h5 22. Qe2 a6 23. Rf1 b5 24. f5 b4 25. c4 Rac8 26. c5 Rxc5 27. dxc5 Qxe5
28. fxg6 Qd4+ 29. Qe3 Qxe3+ 30. Rxe3 fxg6 31. Rxf8 Kxf8 32. c6 Ke8 33. a3 a5
34. axb4 axb4 35. Rb3 e5 36. Rxb4 Nd6 37. Rb7 d4 38. Rd7 Nc4 39. Rd5 Ke7 40. c7
Nb6 41. Rd8 1-0